Central Library OPAC University of Rajshahi

An outline of psychology / (Record no. 28964)

MARC details
000 -LEADER
fixed length control field 00679nam a2200241 a 4500
001 - CONTROL NUMBER
control field 28964
003 - CONTROL NUMBER IDENTIFIER
rucl marc code BD-RjUL
005 - DATE AND TIME OF LATEST TRANSACTION
control field 20211209051343.0
008 - FIXED-LENGTH DATA ELEMENTS--GENERAL INFORMATION
fixed length control field 140401s1949 enk 001 0 eng d
035 ## - SYSTEM CONTROL NUMBER
System control number (BD-RjUL)29048
-- (OCoLC)9780063
040 ## - CATALOGING SOURCE
Original cataloging agency BD-RjUL
Language of cataloging eng
Transcribing agency BD-RjUL
Modifying agency BD-RjUL
041 ## - LANGUAGE CODE
Language code of text/sound track or separate title eng
082 00 - DEWEY DECIMAL CLASSIFICATION NUMBER
Classification number 150
Author mark and year MCO 1949
100 1# - MAIN ENTRY--PERSONAL NAME
Personal name McDougall, William,
Dates associated with a name 1871-1938.
9 (RLIN) 86718
245 13 - TITLE STATEMENT
Title An outline of psychology /
Statement of responsibility, etc. by William McDougall
250 ## - EDITION STATEMENT
Edition statement 13th ed
260 ## - PUBLICATION, DISTRIBUTION, ETC. (IMPRINT)
Place of publication, distribution, etc. London :
Name of publisher, distributor, etc. Methuen,
Date of publication, distribution, etc. 1949.
300 ## - PHYSICAL DESCRIPTION
Pagination xx, 456 p. ;
Size 23 cm.
504 ## - BIBLIOGRAPHY, ETC. NOTE
Bibliography, etc Includes index.
650 #0 - SUBJECT ADDED ENTRY--TOPICAL TERM
Topical term or geographic name as entry element Psychology.
9 (RLIN) 88493
Topical term or geographic name as entry element Emotions (Philosophy).
9 (RLIN) 88494
942 ## - ADDED ENTRY ELEMENTS (KOHA)
Source of classification or shelving scheme Dewey Decimal Classification
Koha item type Books
Holdings
Lost status Source of classification or shelving scheme Damaged status Not for loan Collection code Permanent Location Current Location Shelving location Date acquired Source of acquisition Cost, normal purchase price Total Checkouts Full call number Date last seen Copy number Koha item type
  Dewey Decimal Classification     Non-fiction Central Library, University of Rajshahi Central Library, University of Rajshahi   13/09/1956 A. B. C. 12.30   150 MCO 1949 01/04/2014 C-6 Books
  Dewey Decimal Classification   Added to bundle Non-fiction Central Library, University of Rajshahi Central Library, University of Rajshahi Reading Room 21/09/1955 B.H.Blackkwell 15.00   150 MCO 1949 02/04/2014 C-1 Books
  Dewey Decimal Classification     Non-fiction Central Library, University of Rajshahi Central Library, University of Rajshahi   12/04/1955 Alighar library, Dhaka 96.00   150 MCO 1949 29/11/2016 C-2 Books
  Dewey Decimal Classification     Non-fiction Central Library, University of Rajshahi Central Library, University of Rajshahi   22/03/2017       150 MCO 1949 22/03/2017 C-3 Books